书目信息 |
| 题名: |
水利水电工程概预算
|
|
| 作者: | 方国华 , 朱成立 编著 | |
| 分册: | ||
| 出版信息: | 郑州 黄河水利出版社 2020.01 |
|
| 页数: | 250页 | |
| 开本: | 26cm | |
| 丛书名: | ||
| 单 册: | ||
| 中图分类: | TV512 | |
| 科图分类: | ||
| 主题词: | 水利工程--shui li gong cheng--经济定额--高等教育--教材 , 水力发电工程--shui li fa dian gong cheng--经济定额--高等教育--教材 | |
| 电子资源: | ||
| ISBN: | 978-7-5509-2581-6 | |
| 000 | 01080nam0 2200277 450 | |
| 001 | 2070718081 | |
| 005 | 20201105193845.59 | |
| 010 | @a978-7-5509-2581-6@dCNY45.00 | |
| 100 | @a20200514d2020 em y0chiy50 ea | |
| 101 | 0 | @achi |
| 102 | @aCN@b410000 | |
| 105 | @aak a 000yy | |
| 200 | 1 | @a水利水电工程概预算@Ashui li shui dian gong cheng gai yu suan@f方国华, 朱成立等编著 |
| 205 | @a第2版 | |
| 210 | @a郑州@c黄河水利出版社@d2020.01 | |
| 215 | @a250页@c图@d26cm | |
| 320 | @a有书目 (第250页) | |
| 330 | @a本书系统地介绍了基本建设和工程概预算概念, 工程项目组成和项目划分, 水利水电工程费用构成, 工程定额, 基础单价编制, 建筑、安装工程单价编制, 初步设计概算编制等。 | |
| 333 | @a普通高等教育国家级精品规划教材 普通高等教育“十一五”国家级规划教材 | |
| 606 | 0 | @a水利工程@Ashui li gong cheng@x经济定额@x高等教育@j教材 |
| 606 | 0 | @a水力发电工程@Ashui li fa dian gong cheng@x经济定额@x高等教育@j教材 |
| 690 | @aTV512@v5 | |
| 701 | 0 | @a方国华@Afang guo hua@4编著 |
| 701 | 0 | @a朱成立@Azhu cheng li@4编著 |
| 801 | 0 | @aCN@b人天书店@c20201001 |
| 905 | @aZUCC@dTV512@eF192 | |
| 水利水电工程概预算/方国华, 朱成立等编著.-第2版.-郑州:黄河水利出版社,2020.01 |
| 250页:图;26cm |
| 使用对象:普通高等教育国家级精品规划教材 普通高等教育“十一五”国家级规划教材 |
| ISBN 978-7-5509-2581-6:CNY45.00 |
| 本书系统地介绍了基本建设和工程概预算概念, 工程项目组成和项目划分, 水利水电工程费用构成, 工程定额, 基础单价编制, 建筑、安装工程单价编制, 初步设计概算编制等。 |
| ● |
| 相关链接 |
|
|
|
正题名:水利水电工程概预算
索取号:TV512/F192
 
预约/预借
| 序号 | 登录号 | 条形码 | 馆藏地/架位号 | 状态 | 备注 |
| 1 | 1480382 | 214803827 | 自科库501/501自科库 78排1列2层/ [索取号:TV512/F192] | 在馆 | |
| 2 | 1480383 | 214803836 | 自科库501/501自科库 78排1列2层/ [索取号:TV512/F192] | 在馆 |